| 000 | 00000nam 2200000za 4500 |
| 001 | 9.822192 |
| 003 | CaOODSP |
| 005 | 20221107143632 |
| 007 | cr ||||||||||| |
| 008 | 160808s1976 onc oz f000 0 fre d |
| 040 | |aCaOODSP|bfre |
| 041 | |aeng|afre |
| 043 | |an-cn--- |
| 086 | 1 |aE3-1975/4-PDF|zE3-1975/4 |
| 245 | 00|aAir |h[ressource électronique] : |bagreement between Canada and the Federal Republic of Germany (with suplementary notes) = Air : accord entre le Canada et la République fédérale d'Allemagne (avec les notes supplémentaires). |
| 246 | 31|aAir : |baccord entre le Canada et la République fédérale d'Allemagne (avec les notes supplémentaires) |
| 246 | 16|aAccord relatif aux transports aériens entre le gouvernement du Canada et le gouvernement de la République fédérale d'Allemagne |
| 260 | |aOttawa : |bQueen's Printer = Imprimeur de la Reine, |c1976. |
| 300 | |a39 p. |
| 490 | 1 |aTreaty series = Recueil des traités ; |v1975, n° 4 |
| 500 | |a« Ottawa, le 26 mars 1973. En vigueur provisoirement le 26 mars 1973. En vigueur définitivement le 18 février 1974. » |
| 530 | |aÉgalement publ. en version imprimée. |
| 546 | |aTexte en anglais et en français. |
| 692 | 07|2gccst|aTransport aérien |
| 692 | 07|2gccst|aAccord international |
| 710 | 1 |aCanada. |bMinistère des affaires extérieures. |
| 791 | |tAir |eeng|w(CaOODSP)9.822191 |
| 830 | #0|aTreaty series = Recueil des traités ;|v1975, n° 4|w(CaOODSP)9.813202 |
| 856 | 40|qPDF|s3.25 Mo|uhttps://publications.gc.ca/collections/collection_2016/amc-gac/E3-1975-4.pdf |